| 000 | 00498cam a2200205ua 4500 | ||
|---|---|---|---|
| 001 | 8869 | ||
| 005 | 20260515114407.0 | ||
| 008 | 150216n ii |||gr||||Z||||||eng | ||
| 020 | _a9780199536320 | ||
| 040 | _cMAIN | ||
| 041 | _aeng | ||
| 082 | _a020 | ||
| 100 |
_aHard, R., _eTranslator. |
||
| 245 | 1 |
_aLibrary of greek mythology _cTranslated by R. Hard |
|
| 250 | _a1st. | ||
| 260 |
_aNew Delhi: _bOxford, _c2008. |
||
| 300 | _a300p. | ||
| 653 | _aLibrary & information sciences | ||
| 942 | _cBK | ||
| 999 |
_c7956 _d7956 |
||